[Event "Host Monrad"]
[Site "Tonsberg"]
[Date "2004.10.25"]
[Round "4"]
[White "Christensen, Roger"]
[Black "Torgersen, Torger"]
[Result "0-1"]
[WhiteElo "1427"]
[BlackElo "1144"]
[PlyCount "64"]
[EventDate "2004.09.13"]
[EventType "swiss"]
[EventRounds "7"]
[EventCountry "NOR"]
[SourceTitle "EXT 2007"]
[Source "ChessBase"]
[SourceDate "2006.11.23"]
[SourceVersion "1"]
[SourceVersionDate "2006.11.23"]
[SourceQuality "1"]

1. e4 d6 2. d4 Nf6 3. Nc3 Nc6 4. Nf3 Bg4 5. Be3 Bxf3 6. Qxf3 Nb4 7. 0-0-0 c6 8. a3 Na6 9. e5 Ng8 10. d5 Qc7 11. e6 fxe6 12. dxe6 Nf6 13. g4 0-0-0 14. g5 Ne8 15. Bc4 d5 16. Bb3 g6 17. Rd3 Bg7 18. Rhd1 Rf8 19. Qg4 Be5 20. Qa4 Bf4 21. Nxd5 cxd5 22. Rc3 Nc5 23. Qxa7 b6 24. Qa8+ Qb8 25. Qa4 Kb7 26. Rxc5 Bxe3+ 27. fxe3 bxc5 28. Qb5+ Kc8 29. Qc6+ Qc7 30. Qa8+ Qb8 31. Qa5 Qc7 32. Ba4 Qxa5 0-1

[Event "Tonsberg op"]
[Site "Tonsberg"]
[Date "2003.09.29"]
[Round "1"]
[White "Torgersen, Torger"]
[Black "Moseid, Tor Inge"]
[Result "1/2-1/2"]
[WhiteElo "1186"]
[BlackElo "1477"]
[PlyCount "104"]
[EventDate "2003.09.08"]
[EventType "swiss"]
[EventRounds "9"]
[EventCountry "NOR"]
[SourceTitle "EXT 2008"]
[Source "ChessBase"]
[SourceDate "2007.11.25"]
[SourceVersion "1"]
[SourceVersionDate "2007.11.25"]
[SourceQuality "1"]

1. c4 c5 2. e4 Nc6 3. Nf3 e5 4. Nc3 Nf6 5. d3 d6 6. h3 Be7 7. Be2 0-0 8. 0-0 h6 9. Bd2 Be6 10. Nd5 Nh7 11. Nxe7+ Qxe7 12. Bc3 f5 13. a3 fxe4 14. dxe4 Rf4 15. Qd3 Raf8 16. Bd2 R4f7 17. Rad1 Nd4 18. Nxd4 cxd4 19. Qg3 Rf6 20. f4 Qc7 21. Rc1 b6 22. f5 Bc8 23. Rf3 Bb7 24. Qh4 Qe7 25. Rg3 Kh8 26. Rg6 R6f7 27. Qxe7 Rxe7 28. Bb4 Rd7 29. Bxd6 Re8 30. Bf3 Nf6 31. Bb4 a5 32. Be1 Rc8 33. Bh4 Rf7 34. b4 axb4 35. axb4 d3 36. Rd1 Rxc4 37. Rxd3 Rxb4 38. Rd6 Rb1+ 39. Kh2 Bxe4 40. Bxe4 Nxe4 41. Rxb6 Rxb6 42. Rxb6 Rxf5 43. Rb5 Kh7 44. Bd8 Kg6 45. Bc7 Kf6 46. g4 Rf2+ 47. Kg1 Rf3 48. Bxe5+ Kg6 49. Rb6+ Nf6 50. Kg2 Rd3 51. Bxf6 gxf6 52. Rb5 Re3 1/2-1/2